000 00820cam a2200205 4500
001 WB3824-07
008 020701n2002 000 0 eng u
035 _a(Sirsi) u118616
245 _aDecline in levels set to resume
260 _c2002
490 _aRetail Week
_v28 June 2002, 21(1)
520 _aThe decline in growth rates for UK retail warehouse rents has levelled out over the last quarter, although the slowdown is forecast to resume with the bottom of the cycle occuring between March and June 2003. Report by GVA Grimley staff includes regional variations for retail warehouse rental growth.
590 _aWB
650 _aRETAIL PARKS
650 _aRETAIL WAREHOUSES
650 _aRENTAL VALUES
650 _aRENTAL GROWTH
690 _aPROPERTY-COMMERCIAL PROPERTY-RETAIL PROPERTY
942 _n0
999 _c70636
_d70636